[Event "Club Championships B Grade"]
[Site "Wellington Chess Club"]
[Date "2020.10.29"]
[Round "5.16"]
[White "Wang, Cheng Qi(Max)"]
[Black "Farrington, Lawrence"]
[Result "0-1"]
[WhiteElo "1500"]
[BlackElo "1639"]

1. e4 e6 2. d4 d5 3. e5 c5 4. c3 Nc6 5. Nf3 Qb6 6. Bd3 Bd7 7. Bc2 cxd4 8. cxd4
Bb4+ 9. Nc3 Nge7 10. a3 Bxc3+ 11. bxc3 Na5 12. O-O Nf5 13. Ba4 Qc7 14. Bxd7+
Qxd7 15. Bf4 b6 16. Qd3 Nc4 17. Qe2 Rc8 18. Nd2 Nxd2 19. Qxd2 O-O 20. Rac1 Rc4
21. Rc2 Rfc8 22. Rb1 Ne7 23. Rb4 R8c7 24. Rxc4 Rxc4 25. h3 Qc8 26. Bg5 Nc6 27.
Rb2 Na5 28. Rc2 Nb3 29. Qd3 Nxd4 30. Be3 Nxc2 31. Qxc2 Rxc3 32. Qa4 Rc7 33. f3
Qd7 34. Qxd7 Rxd7 35. g4 d4 36. Bd2 a5 37. Kg2 Rd5 38. f4 Rb5 39. Bc1 Rb1 40.
Bd2 Rb2 41. Kf3 Rxd2 42. f5 Rd3+ 43. Kg2 Rxa3 44. fxe6 Kf8 45. exf7 Kxf7 46.
Kf2 b5 47. Kg2 Rxh3 48. Kxh3 a4 49. Kh4 a3 50. Kh5 a2 51. g5 a1=Q 52. g6+ hxg6+
53. Kg4 Qd1+ 54. Kf4 Qf1+ 55. Ke4 d3 56. Kd5 d2 57. e6+ Ke7 58. Ke5 Qf5+ 59.
Kd4 d1=R+ 60. Ke3 Qe5+ 61. Kf2 Rd2+ 62. Kf1 Qe2+ 63. Kg1 Qg2# 0-1

[Event "Club Championships B Grade"]
[Site "Wellington Chess Club"]
[Date "2020.10.29"]
[Round "5.17"]
[White "Ibbotson, Matt"]
[Black "Asher, Bruce"]
[Result "1-0"]
[WhiteElo "1500"]
[BlackElo "1187"]

1. c4 c5 2. Nc3 e5 3. g3 Nc6 4. Nf3 Nf6 5. d3 g6 6. Bg2 Bg7 7. e4 d6 8. Bg5 Bg4
9. Qb3 Qd7 10. Nd2 b6 11. O-O O-O 12. Bxf6 Bxf6 13. Qa4 Nd4 14. Qxd7 Bxd7 15.
Nd5 Ne2+ 16. Kh1 Bg5 17. Nf3 Bh6 18. Nf6+ Kg7 19. Nxd7 Rfd8 20. Rae1 Nd4 21.
Nxd4 cxd4 22. Bh3 f5 23. exf5 gxf5 24. Bxf5 Rac8 25. f4 Kf7 26. fxe5 Re8 27.
Nf6 Red8 28. Bxc8 Rxc8 29. exd6 Bg7 30. Re7+ Kg6 31. d7 Rd8 32. Re8 Bxf6 33.
Rxf6+ Kxf6 34. Rxd8 Ke7 35. Rh8 Kxd7 36. Rxh7+ Ke6 37. Rxa7 Kf5 38. Rb7 Kg4 39.
Kg2 Kf5 40. Rxb6 Kg4 41. a4 Kg5 42. a5 Kg4 43. a6 Kg5 44. a7 Kg4 45. a8=Q Kg5
46. Rb5+ Kf6 47. Qc6+ Kg7 48. Rb7+ Kg8 49. Qc8# 1-0

[Event "Club Championships B Grade"]
[Site "Wellington Chess Club"]
[Date "2020.10.29"]
[Round "5.19"]
[White "Rudykh, Richard"]
[Black "Osborne, Geoff"]
[Result "0-1"]
[WhiteElo "1500"]
[BlackElo "1287"]

1. e4 d6 2. h3 g6 3. Nf3 Bg7 4. Bc4 e5 5. d3 Nf6 6. O-O O-O 7. Nc3 c6 8. Bd2 d5
9. exd5 cxd5 10. Bb3 Nc6 11. Ng5 a6 12. Qf3 Nd4 13. Qg3 Nxb3 14. axb3 h6 15.
Nf3 Nh5 16. Qh4 Bf6 17. Qb4 Be7 18. Qa5 Qxa5 19. Rxa5 d4 20. Nd5 Bd8 21. Bxh6
Re8 22. b4 Bxa5 23. bxa5 Ra7 24. g4 Ng7 25. Re1 Kf8 26. Nf6 Re6 27. g5 b5 28.
axb6 Rxb6 29. Rxe5 Re6 30. Rc5 Ra8 31. Rd5 Bb7 32. Rd7 {Black ran out of time,
but white was getting assistance} 0-1

[Event "Club Championships B Grade"]
[Site "Wellington Chess Club"]
[Date "2020.11.05"]
[Round "6.1"]
[White "Carroll, Lewis"]
[Black "Laking, Robert"]
[Result "0-1"]
[WhiteElo "1681"]
[BlackElo "1944"]

1. Nf3 d5 2. g3 c5 3. Bg2 Nc6 4. d3 Bg4 5. h3 Bh5 6. O-O e5 7. Nbd2 f5 8. e4
dxe4 9. dxe4 fxe4 10. Nxe4 Qxd1 11. Rxd1 Bxf3 12. Bxf3 Nd4 13. Bh5+ g6 14. Bg4
h5 15. c3 hxg4 16. cxd4 exd4 17. hxg4 O-O-O 18. Bg5 Rd5 19. Nc3 Rxg5 0-1

[Event "Club Championships B Grade"]
[Site "Wellington Chess Club"]
[Date "2020.11.05"]
[Round "6.2"]
[White "Robinson, Max"]
[Black "Van der Hoorn, Thomas"]
[Result "1-0"]
[WhiteElo "1808"]
[BlackElo "1522"]

1. d4 Nf6 2. c4 e6 3. Nf3 d5 4. g3 dxc4 5. Bg2 Nc6 6. Qa4 Bd6 7. Nbd2 O-O 8.
Nxc4 Bd7 9. Nxd6 cxd6 10. O-O Ne7 11. Qa3 d5 12. Ne5 Nc6 13. Nxc6 Bxc6 14. Bf4
Qd7 15. Rac1 Rfd8 16. Rc2 Nh5 17. Bd2 Rac8 18. Rfc1 b6 19. Qf3 g6 20. g4 Ng7
21. Bg5 Rf8 22. Bh6 Rfd8 23. Rxc6 1-0

[Event "Club Championships B Grade"]
[Site "Wellington Chess Club"]
[Date "2020.11.05"]
[Round "6.3"]
[White "Marney, John"]
[Black "He, Caleb"]
[Result "0-1"]
[WhiteElo "1660"]
[BlackElo "1862"]

1. e4 c5 2. Nf3 g6 3. d4 cxd4 4. Nxd4 Bg7 5. Be3 Nc6 6. Nc3 Nf6 7. f3 O-O 8.
Qd2 d5 9. O-O-O dxe4 10. Be2 Nxd4 11. Bxd4 Be6 12. fxe4 a6 13. h4 h5 14. Rhg1
Ng4 15. Bxg7 Qxd2+ 16. Rxd2 Kxg7 17. Nd5 Bxd5 18. exd5 Rfd8 19. Re1 Nf6 20. Bf3
Rd7 21. Re3 Rc8 22. g3 Rc5 23. a3 Nxd5 24. Bxd5 Rcxd5 25. Rxd5 Rxd5 26. Rxe7 b5
27. Ra7 Rd6 28. b4 {Draw offered} 28... Kf6 29. c3 Kf5 30. Rxf7+ Kg4 31. Rf4+
Kxg3 32. Rd4 Rxd4 33. cxd4 Kxh4 34. Kd2 Kg4 35. Ke3 Kf5 36. Kf3 h4 0-1

[Event "Club Championships B Grade"]
[Site "Wellington Chess Club"]
[Date "2020.11.05"]
[Round "6.4"]
[White "Stannard, Bobby"]
[Black "Wevers, Alexis"]
[Result "0-1"]
[WhiteElo "1504"]
[BlackElo "1830"]

1. e4 c5 2. Nf3 d6 3. Nc3 Nf6 4. Bb5+ Bd7 5. d3 Bxb5 6. Nxb5 e6 7. c4 Be7 8.
O-O O-O 9. Re1 Nc6 10. d4 a6 11. Nc3 cxd4 12. Nxd4 Na5 13. b3 Rc8 14. Nf3 b5
15. cxb5 Rxc3 16. Bd2 Rc8 17. bxa6 Qb6 18. Qe2 d5 19. exd5 Nxd5 20. Ne5 Nf6 21.
Rab1 Nc6 22. Nxc6 Rxc6 23. b4 Rc2 24. b5 Bc5 25. a4 Qd6 26. Red1 Ne4 27. Qxe4
Rxd2 28. Rxd2 Qxd2 29. Kh1 Rd8 30. Qe1 Qa2 31. Ra1 Qb2 32. h3 Bxf2 33. Qc1 Qb3
34. Qb1 Qc3 35. b6 Qa5 36. b7 Ba7 37. Qb5 Qd2 38. Rb1 Qf4 39. Qb3 g5 40. g3
Qe4+ 0-1

[Event "Club Championships B Grade"]
[Site "Wellington Chess Club"]
[Date "2020.11.05"]
[Round "6.5"]
[White "Loke, Kayden"]
[Black "Symon, Christopher"]
[Result "1-0"]
[WhiteElo "1500"]
[BlackElo "1500"]

1. Nf3 d5 2. g3 Nc6 3. Bg2 e5 4. d3 Bc5 5. e4 dxe4 6. dxe4 Bxf2+ 7. Kxf2 Qxd1
8. Rxd1 Nf6 9. Nc3 Bg4 10. Be3 O-O 11. h3 Bh5 12. g4 Bg6 13. Nh4 Nb4 14. Bc5
Nxc2 15. Rac1 Nd4 16. Bxf8 Rxf8 17. Nxg6 fxg6 18. Ke3 h5 19. g5 Ne8 20. Rf1 Nd6
21. Rxf8+ Kxf8 22. b3 c6 23. Ne2 Ne6 24. h4 Ke7 25. Bh3 Nc7 26. Nc3 Kd8 27. Rf1
Ke7 28. Rd1 a6 29. Na4 Ncb5 30. Nb6 Kd8 31. Nc8 Kc7 32. Nxd6 Nxd6 33. Be6 c5
34. Rxd6 1-0

[Event "Club Championships B Grade"]
[Site "Wellington Chess Club"]
[Date "2020.11.05"]
[Round "6.6"]
[White "Lyall, Gordon"]
[Black "Kibblewhite, Daniel"]
[Result "1-0"]
[WhiteElo "1944"]
[BlackElo "1640"]

1. Nf3 d5 2. c4 c6 3. e3 Bg4 4. Qb3 Qb6 5. Ne5 Qxb3 6. axb3 Bf5 7. cxd5 cxd5 8.
Nc3 Nf6 9. g4 Bxg4 10. Nxg4 Nxg4 11. Nxd5 Kd7 12. Nb6+ axb6 13. Rxa8 Kc7 14. d4
e6 15. Bd2 g6 16. Bg2 Nc6 17. O-O Bg7 18. Rxh8 Bxh8 19. Rc1 Kd7 20. b4 b5 21.
Rc5 Nxd4 22. exd4 Bxd4 23. Rxb5 Nxf2 24. Rxb7+ Ke8 25. Bc6+ Kf8 26. Bh6+ 1-0

[Event "Club Championships B Grade"]
[Site "Wellington Chess Club"]
[Date "2020.11.05"]
[Round "6.7"]
[White "Keay, Matt"]
[Black "Chen, Wei Kai"]
[Result "1-0"]
[WhiteElo "1500"]
[BlackElo "1931"]

1. e4 e5 2. Nf3 Nc6 3. Bc4 Bc5 4. c3 Nf6 5. d3 h6 6. O-O O-O 7. Re1 d6 8. h3
Qe7 9. a4 a5 10. Be3 Bxe3 11. Rxe3 Nh5 12. d4 Nf4 13. Kh2 g5 14. Na3 h5 15.
Nxg5 h4 16. Nxf7 Rxf7 17. Bxf7+ Qxf7 18. Rf3 Qg6 19. g3 Bxh3 20. Rxf4 exf4 21.
Kxh3 hxg3 22. Qg4 Qxg4+ 23. Kxg4 gxf2 24. Rf1 Kf7 25. Kxf4 Ke7 26. Ke3 Nd8 27.
Rxf2 Ne6 28. Nc4 b6 29. e5 d5 30. Nd2 c5 31. Rh2 Kf7 32. Nf3 Rb8 33. Rh7+ Kg6
34. Rd7 b5 35. Rd6 Kf7 36. Rxd5 bxa4 37. dxc5 Ke7 38. c6 Rxb2 39. Rxa5 Rb6 40.
Nd4 1-0

[Event "Club Championships B Grade"]
[Site "Wellington Chess Club"]
[Date "2020.11.05"]
[Round "6.8"]
[White "Lanaquera, Abraham"]
[Black "Brockway, Andrew"]
[Result "0-1"]
[WhiteElo "1500"]
[BlackElo "1803"]

1. e4 c5 2. Nf3 g6 3. c3 Bg7 4. g3 d5 5. exd5 Qxd5 6. Bg2 Qe4+ 7. Qe2 Qxe2+ 8.
Kxe2 Bd7 9. a4 Nc6 10. Re1 Nh6 11. Kf1 O-O 12. Na3 Nf5 13. Ng5 Rac8 14. Nc4
Rfe8 15. d3 b6 16. Ne4 Be6 17. Ne3 Kf8 18. Ra3 Red8 19. Rd1 Na5 20. Ng5 Nxe3+
21. Bxe3 Bf5 22. Be4 Bxe4 23. Nxe4 Nc4 24. Ra2 Nxe3+ 25. fxe3 h6 26. a5 f5 27.
Nf2 b5 28. a6 Rc6 29. d4 cxd4 30. exd4 Rdd6 31. Ra5 Rb6 32. Nd3 e5 33. dxe5
Bxe5 34. Ke2 Bg7 35. Nc5 Ke7 36. Rd3 Rxd3 37. Nxd3 Kd6 38. Kd2 Kd5 39. h4 Be5
40. Nxe5 Kxe5 41. Ke2 f4 42. gxf4+ Kxf4 43. Ra1 Kg4 44. Ke3 Kxh4 45. Rh1+ Kg5
46. Rg1+ Kf5 47. Rf1+ Ke5 48. Re1 Kd5 49. Kf4 Rf6+ 50. Kg3 Kc4 51. Re3 Rxa6 52.
Kg4 Rf6 53. Kh4 Kd5 54. Rg3 Ke6 55. Kg4 Kf7 56. Rd3 h5+ 57. Kg5 Kg7 58. Rd7+
Rf7 59. Rd3 a6 0-1

[Event "Club Championships B Grade"]
[Site "Wellington Chess Club"]
[Date "2020.11.05"]
[Round "6.9"]
[White "Hall, Nathan"]
[Black "Stracy, Don"]
[Result "0-1"]
[WhiteElo "1871"]
[BlackElo "1696"]

1. e4 c5 2. Nc3 Nc6 3. g3 g6 4. Bg2 Bg7 5. d3 Nf6 6. f4 d6 7. Nf3 O-O 8. O-O
Bd7 9. h3 a6 10. a4 Rb8 11. g4 b5 12. axb5 axb5 13. f5 b4 14. Ne2 Qc7 15. Nf4
e5 16. g5 exf4 17. gxf6 Bxf6 18. Bxf4 Bxb2 19. Bh6 Bxa1 20. Qxa1 Ne5 21. Nxe5
dxe5 22. f6 Ra8 23. Qc1 Rfc8 24. Qg5 c4 25. dxc4 Qxc4 26. Rd1 Ba4 27. Bg7 Bxc2
28. Rd5 Bxe4 29. Qh6 Qc1+ 30. Rd1 Qxd1+ 31. Kh2 Bxg2 32. Bf8 Qh1+ 33. Kg3 Qxh3+
34. Qxh3 Bxh3 35. Kxh3 b3 0-1

[Event "Club Championships B Grade"]
[Site "Wellington Chess Club"]
[Date "2020.11.05"]
[Round "6.10"]
[White "Ashe, Michael"]
[Black "Adair, Danny"]
[Result "0-1"]
[WhiteElo "1748"]
[BlackElo "1500"]

1. d4 g6 2. e4 d6 3. c4 Bg7 4. Nc3 Nf6 5. Nge2 O-O 6. h4 e5 7. d5 c6 8. Ng3
cxd5 9. cxd5 h5 10. Bg5 Nbd7 11. Qd2 a6 12. Be2 Qa5 13. Bh6 Nc5 14. Bxg7 Kxg7
15. Bxh5 Nb3 16. Qg5 Nh7 17. Qe7 Nxa1 18. Kd2 Qd8 19. Qxd8 Nb3+ 20. axb3 Rxd8
21. Be2 b5 22. b4 Bd7 23. Nd1 Nf6 24. Ne3 a5 25. bxa5 Rxa5 26. h5 Rh8 27. Kc3
Ra4 28. Kd3 Rd4+ 0-1

[Event "Club Championships B Grade"]
[Site "Wellington Chess Club"]
[Date "2020.11.05"]
[Round "6.11"]
[White "Webster, Jamie"]
[Black "Dixon, Hamish"]
[Result "0-1"]
[WhiteElo "1747"]
[BlackElo "1679"]

1. e4 c5 2. Nf3 d6 3. d4 cxd4 4. Nxd4 Nc6 5. Nc3 Nf6 6. Bc4 e6 7. Be3 Be7 8.
Qe2 a6 9. O-O-O Qc7 10. Bb3 b5 11. a3 b4 12. axb4 Nxb4 13. g4 Bb7 14. f3 d5 15.
g5 Nh5 16. Ba4+ Kf8 17. Qd2 Rd8 18. g6 dxe4 19. gxf7 Kxf7 20. Bb3 Rd6 21. fxe4
Nc6 22. Qf2+ Nf6 23. Bf4 Nxd4 24. Bxd6 Nxb3+ 25. cxb3 Bxd6 26. Rhe1 Rc8 27.
Rxd6 Qxd6 28. e5 Qe7 29. exf6 Qxf6 30. Qd2 Rd8 31. Qe3 Rd4 32. Qh3 Qf5 33. Rf1
Rf4 34. Rxf4 Qxf4+ 35. Kb1 Qf5+ 36. Qxf5+ exf5 37. Kc1 Kf6 38. Kd2 Ke5 39. Ke3
f4+ 40. Kf2 g5 41. b4 Bc6 42. Ne2 h5 43. Ng1 g4 44. Ne2 h4 45. h3 f3 46. Ng1
g3+ 47. Kf1 Bb5+ 0-1

[Event "Club Championships B Grade"]
[Site "Wellington Chess Club"]
[Date "2020.11.05"]
[Round "6.13"]
[White "Farrington, Lawrence"]
[Black "Yu, Johnson"]
[Result "1-0"]
[WhiteElo "1639"]
[BlackElo "1193"]

1. e4 c5 2. Nf3 Nc6 3. Bb5 a6 4. Bxc6 dxc6 5. d4 cxd4 6. Qxd4 Qc7 7. O-O f6 8.
Nc3 e5 9. Qd3 Be6 10. Rd1 Ne7 11. h3 Ng6 12. Ne2 Be7 13. Be3 Rd8 14. Qc3 O-O
15. Qe1 a5 16. a3 Rd7 17. Rxd7 Bxd7 18. Rd1 a4 19. Nc3 b5 20. Ne2 f5 21. exf5
Bxf5 22. Rd2 e4 23. Nfd4 Qc8 24. Nxf5 Qxf5 25. Ng3 Qe5 26. Bd4 Qf4 27. Nxe4 Nh4
28. Qe3 Qf7 29. Bc5 Qg6 30. f4 Bxc5 31. Nxc5 Re8 32. Qf2 Nf5 33. Nd3 Nd6 34.
Ne5 Qf6 35. Re2 Nf5 36. c3 Rd8 37. Rd2 Rxd2 38. Qxd2 g6 39. Kh2 h5 40. g3 g5
41. Qg2 Ne3 42. Qxc6 Qf5 43. Qg6+ Qxg6 44. Nxg6 gxf4 45. Nxf4 Nd1 46. Nd3 Kf7
47. Kg2 Ne3+ 48. Kf2 Nf5 49. g4 hxg4 50. hxg4 Nd6 51. Kf3 Kg6 52. Kf4 Nc4 53.
Ne5+ 1-0

[Event "Club Championships B Grade"]
[Site "Wellington Chess Club"]
[Date "2020.11.05"]
[Round "6.14"]
[White "Osborne, Geoff"]
[Black "Laking, Julian"]
[Result "1-0"]
[WhiteElo "1287"]
[BlackElo "1500"]

1. Nf3 Nf6 2. g3 d5 3. Bg2 Bg4 4. O-O e6 5. d3 c5 6. Nbd2 Nc6 7. e4 Bd6 8. Qe1
Qc7 9. b3 O-O-O 10. a3 Nd7 11. c3 Bxf3 12. Nxf3 Qa5 13. Bd2 Qb5 14. Qb1 Nce5
15. Nxe5 Bxe5 16. exd5 exd5 17. c4 dxc4 18. dxc4 Qb6 19. Ra2 Qf6 20. b4 Bd4 21.
bxc5 Nxc5 22. a4 Rhe8 23. Bh3+ Kb8 24. Bf4+ Be5 25. Bxe5+ Qxe5 26. Rb2 Re7 27.
Bg2 Rdd7 28. Bf3 f5 29. Re2 Ne4 30. Rfe1 Rd4 31. c5 Rxa4 32. c6 Ra1 33. Qxa1
1-0

[Event "Club Championships B Grade"]
[Site "Wellington Chess Club"]
[Date "2020.11.05"]
[Round "6.15"]
[White "Rudykh, Dmitry"]
[Black "Langford, Josh"]
[Result "0-1"]
[WhiteElo "1500"]
[BlackElo "1413"]

1. e4 c6 2. a3 d5 3. exd5 cxd5 4. h3 e5 5. Nc3 Bc5 6. Qf3 Nf6 7. Bb5+ Nc6 8. d3
O-O 9. Ba4 e4 10. dxe4 dxe4 11. Qe2 Nd4 12. Qd1 Bf5 13. g4 Bd7 14. Bxd7 Qxd7
15. g5 Nd5 16. Nxe4 Rfe8 17. Qd3 Rxe4+ 18. Kf1 Rae8 19. Bd2 Qf5 20. b4 Bb6 21.
Rb1 Nxc2 22. Rc1 Qxf2# 0-1

[Event "Club Championships B Grade"]
[Site "Wellington Chess Club"]
[Date "2020.11.05"]
[Round "6.17"]
[White "Stannard, Lars"]
[Black "Wang, Cheng Qi(Max)"]
[Result "1-0"]
[WhiteElo "1552"]
[BlackElo "1500"]

1. d4 d5 2. Bf4 Bf5 3. Nf3 e6 4. e3 c5 5. Bb5+ Nc6 6. Ne5 Ne7 7. c3 cxd4 8.
cxd4 g6 9. Bg5 Qa5+ 10. Nc3 Qb6 11. Bf6 a6 12. Bxc6+ Nxc6 13. Nxc6 bxc6 14.
Bxh8 Qxb2 15. Qc1 Qxc1+ 16. Rxc1 Bb4 17. O-O Ba3 18. Rcd1 Bb4 19. Na4 Bg4 20.
f3 Bf5 21. Be5 Bc2 22. Nb6 Bxd1 23. Nxa8 Ba4 24. Rb1 Ba5 25. Nc7+ Bxc7 26. Bxc7
Bc2 27. Rb6 Kd7 28. Be5 a5 29. Rb7+ Ke8 30. Bd6 h5 31. h4 f5 32. Rg7 Bb1 33. a3
Bc2 34. f4 Be4 35. Rxg6 Kf7 36. Rh6 a4 37. Rxh5 Bd3 38. Rh7+ Ke8 39. h5 Be2 40.
Kf2 Bg4 41. h6 Bh5 42. Ra7 Bg6 43. h7 Bxh7 44. Rxh7 Kd8 45. Ra7 Kc8 46. Rxa4
Kd7 47. Bc5 Kc7 48. Ra7+ Kb8 49. Re7 Kc8 50. a4 Kb8 51. a5 Ka8 52. a6 Kb8 53.
a7+ Ka8 54. Re8+ 1-0

[Event "Club Championships B Grade"]
[Site "Wellington Chess Club"]
[Date "2020.11.05"]
[Round "6.18"]
[White "Asher, Bruce"]
[Black "Rudykh, Richard"]
[Result "0-1"]
[WhiteElo "1187"]
[BlackElo "1500"]

1. d4 e6 2. Bd2 h6 3. c4 d6 4. Nf3 Nf6 5. Nc3 Be7 6. g3 O-O 7. e3 g5 8. h3 c6
9. Bg2 d5 10. cxd5 exd5 11. O-O Nbd7 12. Re1 Ne4 13. Nxe4 dxe4 14. Nh2 f5 15.
Qh5 Kh7 16. Bc3 Nf6 17. Qe2 Rb8 18. Red1 Qe8 19. g4 f4 20. exf4 gxf4 21. Bxe4+
Kg8 22. Bc2 b5 23. d5 cxd5 24. Bxf6 Rxf6 25. Nf3 Ba6 26. Qd3 Rf7 27. Qxd5 Rd8
28. Qh5 Rd6 29. Rxd6 Bxd6 30. Qg6+ Kh8 31. Qxh6+ Kg8 32. Re1 Qf8 33. Qg6+ Rg7
34. Bb3+ Kh8 35. Qh6+ Rh7 36. Qxf8+ Bxf8 37. Re8 Kg7 38. Ng5 Rh8 39. Re6 Bc8
40. Rc6 Bb7 41. Rc7+ Kg6 42. Rxb7 Kxg5 43. Rxb5+ Kf6 44. Kg2 a6 45. Rb6+ Ke5
46. Rxa6 Ke4 47. Ra8 Bd6 {This is all clearly wrong, as black won} 0-1

[Event "Club Championships B Grade"]
[Site "Wellington Chess Club"]
[Date "2020.11.12"]
[Round "7.1"]
[White "Laking, Robert"]
[Black "He, Caleb"]
[Result "1/2-1/2"]
[WhiteElo "1944"]
[BlackElo "1862"]

1. d4 Nf6 2. c4 g6 3. Nc3 d5 4. cxd5 Nxd5 5. e4 Nxc3 6. bxc3 Bg7 7. Bc4 c5 8.
Ne2 O-O 9. Be3 Nc6 10. Qd2 Bg4 11. f3 cxd4 12. cxd4 Bd7 13. O-O Qa5 14. Rfd1
Rfc8 15. Rab1 b6 16. Qd3 Nb4 17. Bxf7+ Kf8 18. Qd2 Rc2 19. Qxb4 Qxb4 20. Rxb4
Kxf7 21. Rd2 Rac8 22. Rb2 Rxd2 23. Rxd2 e6 24. Kf2 Bb5 25. Ng3 Bf8 26. e5 Rc4
27. Rb2 Bc6 28. Ne4 Bd5 29. Kg3 Bb4 30. Bd2 Ba3 31. Rb3 Be7 32. Bg5 Bxe4 33.
Bxe7 Bc2 34. Ra3 Kxe7 35. Rxa7+ Kf8 36. Rxh7 Rxd4 37. Rb7 Rb4 38. a3 Rb3 39.
Kf4 Bd3 40. Kg5 b5 41. Kf6 Kg8 42. Rb8+ Kh7 43. Rb7+ Kg8 44. Rb8+ 1/2-1/2

[Event "Club Championships B Grade"]
[Site "Wellington Chess Club"]
[Date "2020.11.12"]
[Round "7.2"]
[White "Wevers, Alexis"]
[Black "Robinson, Max"]
[Result "0-1"]
[WhiteElo "1830"]
[BlackElo "1808"]

1. d4 Nf6 2. Bf4 d5 3. e3 Bf5 4. c4 e6 5. Nc3 c6 6. h3 Qb6 7. Qc1 Na6 8. c5 Qd8
9. Bxa6 bxa6 10. Nf3 Ne4 11. O-O f6 12. b4 g5 13. Bh2 h5 14. Nxe4 Bxe4 15. Nd2
Bd3 16. Re1 g4 17. h4 f5 18. Be5 Rh7 19. g3 Bg7 20. Qc3 Bxe5 21. Qxd3 Bf6 22.
Qxa6 Qd7 23. a4 Qb7 24. Qxb7 Rxb7 25. b5 cxb5 26. c6 Rb6 27. axb5 Rxb5 28. Rec1
Rb2 29. c7 Kd7 30. Rxa7 Rc8 31. Nb1 Be7 32. Nc3 Bd6 33. Na4 Rb5 34. Kf1 Rxc7
35. Rcxc7+ Bxc7 36. Nc5+ Kd6 37. Nxe6 Bb6 38. Rh7 Kxe6 39. Rxh5 Bd8 40. Rh7
Rb1+ 41. Kg2 Rc1 42. Rh6+ Bf6 43. h5 Rc7 44. Kf1 Rc8 45. Rh7 Rh8 46. Rb7 Be7
47. Ke2 Rxh5 48. f3 Rh2+ 49. Kf1 gxf3 0-1

[Event "Club Championships B Grade"]
[Site "Wellington Chess Club"]
[Date "2020.11.12"]
[Round "7.3"]
[White "Carroll, Lewis"]
[Black "Lyall, Gordon"]
[Result "0-1"]
[WhiteElo "1681"]
[BlackElo "1944"]

1. e4 c6 2. c4 d5 3. exd5 cxd5 4. cxd5 Nf6 5. Nc3 Nxd5 6. Nf3 Nc6 7. d4 g6 8.
Bc4 Nb6 9. Bb3 Bg7 10. d5 Na5 11. O-O O-O 12. a3 Nxb3 13. Qxb3 Bg4 14. Rd1 Bxf3
15. gxf3 Qd7 16. Ne4 Qh3 17. Bg5 Be5 18. Ng3 Bd6 19. Re1 f6 20. Bd2 Rf7 21. a4
Nd7 22. Qxb7 Rb8 23. Qxa7 Rxb2 24. Bc3 Bc5 25. Qa8+ Rb8 26. Qc6 Rb6 27. Qc7 Bd6
28. Qc8+ Rf8 29. Qc4 Ne5 30. Bxe5 fxe5 31. a5 Rb4 32. Qd3 Rh4 0-1

[Event "Club Championships B Grade"]
[Site "Wellington Chess Club"]
[Date "2020.11.12"]
[Round "7.4"]
[White "Brockway, Andrew"]
[Black "Van der Hoorn, Thomas"]
[Result "1/2-1/2"]
[WhiteElo "1803"]
[BlackElo "1522"]

1. e4 c6 2. d4 d5 3. exd5 cxd5 4. Bd3 Nc6 5. c3 Qc7 6. Ne2 Bg4 7. f3 Bd7 8. Bf4
e5 9. dxe5 Nxe5 10. Qc2 Bd6 11. Bg3 Nf6 12. Na3 a6 13. Bf5 O-O 14. O-O Rfe8 15.
Nd4 Bxa3 16. bxa3 Qc5 17. Bxd7 Nfxd7 18. Qb3 b5 19. Rad1 Nc4 20. Bf2 Qxa3 21.
Nc2 Qd6 22. Nb4 Nf6 23. Rfe1 Rxe1+ 24. Rxe1 Nb6 25. Bd4 Nfd7 26. Qc2 Na4 27.
Qf5 Ndb6 28. Qg5 f6 29. Qe3 a5 30. Nd3 Rc8 31. Qe6+ Qxe6 32. Rxe6 Nc4 33. Ra6
Re8 34. Kf2 Kf7 35. Ra7+ Re7 36. Ra8 Rb7 37. Rd8 Nab6 38. Nc5 Ra7 39. Nd3 Ra8
40. Rxa8 Nxa8 41. Nf4 Nab6 42. Ke2 g5 43. Nd3 Na4 44. Kd1 Nab2+ 45. Nxb2 Nxb2+
46. Kc2 Nc4 47. h3 f5 48. g3 g4 49. hxg4 fxg4 50. fxg4 Kg6 51. Kd3 Kg5 52. Ba7
Kxg4 53. Bb8 h5 54. Kd4 Nb6 55. Bc7 Na4 56. a3 Nb2 57. Kxd5 Nd3 58. Ke4 Nc5+
59. Kd5 Na6 60. Bd6 (60. Bxa5 Kxg3 61. Kc6) 60... b4 61. cxb4 axb4 { Draw
Agreed  1/2-1/2} 1/2-1/2

[Event "Club Championships B Grade"]
[Site "Wellington Chess Club"]
[Date "2020.11.12"]
[Round "7.6"]
[White "Dixon, Hamish"]
[Black "Stannard, Bobby"]
[Result "1-0"]
[WhiteElo "1679"]
[BlackElo "1504"]

1. e4 e6 2. d4 d5 3. exd5 exd5 4. Bf4 Nf6 5. Nf3 Bb4+ 6. c3 Bd6 7. Qd2 O-O 8.
Be3 Re8 9. Bd3 Bf4 10. O-O Bxe3 11. fxe3 g6 12. Ne5 Nc6 13. Nxc6 bxc6 14. Qf2
Ng4 15. Qxf7+ Kh8 16. Rf3 Rxe3 17. Nd2 Rb8 18. Nb3 Qg8 19. Qf4 Rxf3 20. gxf3
Bf5 21. Bxf5 gxf5 22. fxg4 fxg4 23. Qf6+ Qg7 24. Rf1 h5 25. Rf2 Kg8 26. Qe6+
Kh8 27. Rf7 Qg5 28. Qf6+ Qxf6 29. Rxf6 Kg7 30. Rxc6 Re8 31. Kf2 h4 32. Nc5 Rf8+
33. Kg2 Re8 34. Re6 Rf8 35. Re5 Kg6 36. Nd3 Rf3 37. Nf2 1-0

[Event "Club Championships B Grade"]
[Site "Wellington Chess Club"]
[Date "2020.11.12"]
[Round "7.7"]
[White "Symon, Christopher"]
[Black "Marney, John"]
[Result "1-0"]
[WhiteElo "1500"]
[BlackElo "1660"]

1. Nf3 Nf6 2. c4 e6 3. Nc3 d5 4. d4 Be7 5. Bg5 O-O 6. Bxf6 Bxf6 7. e4 dxe4 8.
Nxe4 Be7 9. a3 a5 10. Bd3 Nd7 11. Rc1 c5 12. d5 exd5 13. cxd5 b6 14. O-O Nf6
15. d6 Bxd6 16. Nxd6 Bg4 17. Ne4 Nh5 18. h3 Bc8 19. Nfg5 Nf4 20. Bc4 Qc7 21.
Qc2 Ng6 22. b4 cxb4 1-0

[Event "Club Championships B Grade"]
[Site "Wellington Chess Club"]
[Date "2020.11.12"]
[Round "7.8"]
[White "Adair, Danny"]
[Black "Farrington, Lawrence"]
[Result "1-0"]
[WhiteElo "1500"]
[BlackElo "1639"]

1. e4 e6 2. d4 d5 3. exd5 exd5 4. Nf3 Nf6 5. Bd3 Bd6 6. h3 h6 7. O-O O-O 8. b3
Nc6 9. a3 Be6 10. Bb2 Ne7 11. c4 c6 12. Qc2 Qd7 13. Ne5 Qc8 14. f4 Bf5 15. Nd2
Bxd3 16. Qxd3 Qf5 17. Qxf5 Nxf5 18. c5 Bc7 19. Kh2 Rad8 20. g4 Ne7 21. Rae1
Rfe8 22. Kg2 Nd7 23. Ndf3 f6 24. Nxd7 Rxd7 25. f5 Kf7 26. Bc1 Ng8 27. Nh4 Rde7
28. Rxe7+ Rxe7 29. Kf3 Re4 30. Be3 Ne7 31. Rd1 g5 32. fxg6+ Nxg6 33. Ng2 Kg7
34. h4 Nf8 35. Bf4 Ne6 36. Bxc7 Nxc7 37. Nf4 Nb5 38. a4 Nc7 39. Nh5+ Kg6 40.
Ng3 Re6 41. Kf4 Ne8 42. Nf5 Re4+ 43. Kf3 Re6 44. Rd3 h5 45. Ng3 hxg4+ 46. Kxg4
Ng7 47. h5+ Kh6 48. Rf3 Kh7 49. b4 Kh6 50. b5 cxb5 51. axb5 Kh7 52. Rf2 a6 53.
h6 Kxh6 54. Nf5+ Nxf5 55. Kxf5 Re4 56. Kxf6 Kh5 57. c6 bxc6 58. bxc6 Rxd4 59.
Rc2 Rf4+ 60. Ke7 Re4+ 61. Kd7 d4 62. c7 d3 63. Rc5+ Kg6 64. Rd5 Rc4 1-0

[Event "Club Championships B Grade"]
[Site "Wellington Chess Club"]
[Date "2020.11.12"]
[Round "7.9"]
[White "Chen, Wei Kai"]
[Black "Guthrie, Milo"]
[Result "1-0"]
[WhiteElo "1931"]
[BlackElo "1500"]

1. e4 c5 2. Nc3 d6 3. f4 Nc6 4. Nf3 Bg4 5. Be2 e6 6. O-O Nf6 7. b3 g6 8. Bb2
Bg7 9. h3 Bxf3 10. Bxf3 O-O 11. Ne2 a5 12. Ng3 d5 13. e5 Nd7 14. d3 c4 15. dxc4
dxc4 16. Qd6 Qb6+ 17. Kh1 Rfd8 18. Qa3 Bf8 19. Qa4 Bb4 20. bxc4 Na7 21. c3 Bf8
22. Qc2 Rac8 23. Be2 Qc5 24. Ne4 Qc7 25. Rad1 Nb6 26. Rxd8 Rxd8 27. Rd1 Rxd1+
28. Qxd1 Nxc4 29. Nf6+ Kh8 30. Bxc4 Qxc4 31. Ba3 Qxf4 32. Bxf8 Qxe5 33. Ng4
Qxc3 34. Bh6 Nc6 35. Qd7 Ne7 36. Qxe7 1-0

[Event "Club Championships B Grade"]
[Site "Wellington Chess Club"]
[Date "2020.11.12"]
[Round "7.10"]
[White "Kibblewhite, Daniel"]
[Black "Osborne, Geoff"]
[Result "1-0"]
[WhiteElo "1640"]
[BlackElo "1287"]

1. d4 Nf6 2. c4 g6 3. Nc3 Bg7 4. e4 d6 5. f4 O-O 6. Nf3 c5 7. d5 Bg4 8. Be2
Bxf3 9. Bxf3 Re8 10. O-O e6 11. e5 dxe5 12. fxe5 Nh5 13. Bxh5 gxh5 14. Qxh5 Rf8
15. Bg5 Qc7 16. Bf6 Kh8 17. Rf3 Rg8 18. Rg3 Na6 19. Qh6 Bxf6 20. Qxf6+ 1-0